Métodos de ensayo para productos refractarios conformados densos: parte 4. Determinación de la permeabilidad a los gases
Saved in:
| Corporate Authors: | , |
|---|---|
| Format: | Bog |
| Sprog: | spansk |
| Udgivet: |
Madrid
AENOR
1996
|
| Udgivelse: | 1a. ed |
| Fag: | |
| Online adgang: | texto completo |
| Tags: |
Tilføj Tag
Ingen Tags, Vær først til at tagge denne postø!
|
MARC
| LEADER | 00000cam a2200000 a 4500 | ||
|---|---|---|---|
| 001 | UCC4047 | ||
| 003 | CL-VaPUC | ||
| 008 | 180706e19960000sp |||||||||||||||||spa|d | ||
| 082 | 0 | 4 | |a 549.133 |b AEN |2 21 |
| 110 | 2 | |a AENOR |e author |9 598172 | |
| 710 | 2 | |a Asociación Española de Normalización y Certificación |e author |9 598173 | |
| 245 | 1 | 0 | |a Métodos de ensayo para productos refractarios conformados densos: parte 4. Determinación de la permeabilidad a los gases |
| 250 | |a 1a. ed | ||
| 300 | |a 14 p | ||
| 942 | |c BK | ||
| 945 | |d 20180706 14:40:00 |a dcastane | ||
| 260 | |a Madrid |b AENOR |c 1996 | ||
| 500 | |a Norma española UNE-EN 993-4 | ||
| 650 | 0 | |a Gases |9 260945 | |
| 650 | 0 | |a Análisis de gases |9 598174 | |
| 650 | 7 | |a PERMEABILIDAD |2 CL-VaPUC |9 262772 | |
| 856 | 7 | 0 | |f UCC4047_01.pdf |q PDF |z texto completo |2 file |u http://opac.pucv.cl/pucv_txt/txt-4000/UCC4047_01.pdf |
| 583 | |a last modification |c 20190111 02:59:40 |k Rodrigo Vera | ||
| 999 | |c 371654 |d 371652 | ||
| 952 | |0 0 |1 0 |3 erb |4 0 |6 549_133000000000000_AEN_1996 |7 0 |8 X |9 488726 |a BIBMEC |b BIBMEC |i 5528763 |o 549.133 AEN 1996 |p 5528763 |r 2024-01-19 |w 2019-11-24 |y BK_X |z Catalogado en:20190111 |k MEC | ||